| 000 | 00476nam a2200193Ia 4500 | ||
|---|---|---|---|
| 005 | 20250603145021.0 | ||
| 008 | 250603s9999 xx 000 0 und d | ||
| 020 | _a9789789339907 | ||
| 050 | _aH 62.5 .E46/ | ||
| 100 | _aEmmanuel Yusuf | ||
| 245 | 0 | _aFundamentals of research methodology | |
| 250 | _a1st ed. | ||
| 260 | _aKaduna, Nigeria | ||
| 260 | _bSunjo A.J. Global Links Ltd. | ||
| 260 | _c2013 | ||
| 300 | _a194 p | ||
| 650 | _aKaduna, Nigeria | ||
| 942 | _cBK | ||
| 999 |
_c40622 _d40622 |
||